|
|
|
|
| LEADER |
00000nam0a2200000 4500 |
| 001 |
163654 |
| 005 |
20231101222419.0 |
| 010 |
|
|
|a 5739901502
|
| 035 |
|
|
|a (RuTPU)RU\TPU\book\177559
|
| 090 |
|
|
|a 163654
|
| 100 |
|
|
|a 20090820d2009 m y0rusy50 ca
|
| 101 |
0 |
|
|a rus
|
| 102 |
|
|
|a RU
|
| 105 |
|
|
|a a j 001zy
|
| 200 |
1 |
|
|a Надежность и диагностика элементов электроустановок
|e учебное пособие
|f В. П. Калявин, Л. М. Рыбаков
|
| 210 |
|
|
|a СПб.
|c Элмор
|d 2009
|
| 215 |
|
|
|a 336 с.
|c ил.
|
| 320 |
|
|
|a Библиогр.: с. 326-327.
|
| 606 |
1 |
|
|a Электрические установки
|x Надежность
|2 stltpush
|3 (RuTPU)RU\TPU\subj\27683
|9 51402
|
| 610 |
1 |
|
|a электроустановки
|
| 610 |
1 |
|
|a количественные показатели
|
| 610 |
1 |
|
|a эксплуатация
|
| 610 |
1 |
|
|a расчет
|
| 610 |
1 |
|
|a запасные части
|
| 610 |
1 |
|
|a обеспечение
|
| 610 |
1 |
|
|a техническая диагностика
|
| 610 |
1 |
|
|a работоспособность
|
| 610 |
1 |
|
|a контроль
|
| 610 |
1 |
|
|a дефекты
|
| 610 |
1 |
|
|a обнаружение
|
| 610 |
1 |
|
|a прогнозирование
|
| 610 |
1 |
|
|a диагностирование
|
| 610 |
1 |
|
|a внешняя изоляция
|
| 610 |
1 |
|
|a внутренняя изоляция
|
| 610 |
1 |
|
|a аппараты высокого напряжения
|
| 610 |
1 |
|
|a кабельные линии
|
| 610 |
1 |
|
|a воздушные линии электропередачи
|
| 610 |
1 |
|
|a повреждения
|
| 610 |
1 |
|
|a учебные пособия
|
| 675 |
|
|
|a 621.31.019.3(075.8)
|v 3
|
| 700 |
|
1 |
|a Калявин
|b В. П.
|g Владимир Петрович
|
| 701 |
|
1 |
|a Рыбаков
|b Л. М.
|g Леонид Максимович
|
| 801 |
|
1 |
|a RU
|b 63413507
|c 20090820
|
| 801 |
|
2 |
|a RU
|b 63413507
|c 20150715
|g RCR
|
| 900 |
|
|
|a Надежность и диагностика элементов энергоустановок
|
| 900 |
|
|
|a Надежность электроэнергетических систем
|
| 942 |
|
|
|c BK
|
| 951 |
|
|
|b 140211
|b 140200
|
| 959 |
|
|
|a 83/20090820
|d 10
|e 450,00
|f АНЛ:1
|f ЧЗТЛ:1
|f УФ:8
|